000
00323nam a2200133Ia 4500
008
150201s2011 xx 000 0 und d
082
_a
612
_b
M10P
100
_a
PAL,GK
245
_a
TB OF MEDICAL PHYSIOLOLGY
250
_a
2ND
260
_b
AHUJA P. HOUSE
_a
DELHI
_c
2011
650
_a
HUMAN PHYSIOLOGY
942
_2
ddc
_c
BK
_0
129
999
_c
1099
_d
1099